Vestník Okresného úradu v Martine

Bibliographic Details
New Title:Okresný vestník
Format: Journal
Language:Slovak
PhysicalDescription:5 zv. 35 cm
Published: Martin Okresný úrad 1992-[1996]
Subjects:

MARC

LEADER 00000cas a2200000 a 4500
001 vtls008884889
003 SK-MaSNL
005 20260228162320.0
008 050225d19921996xo mr|p 0 0slo
035 |a (SVKBB03)vtls000213250 
040 |a SVKBB  |b slo  |c SVKBB  |d SNK  |e AACR2 
041 0 |a slo 
043 |a e-xo--- 
044 |a xo  |c SK 
072 7 |a 35  |x Verejná správa  |2 konspekt 
080 |a 35  |2 2011 
080 |a (437.641.116)  |2 2011 
080 |a (051)+(054)(437.6)  |2 2011 
080 |a 050  |2 2011 
245 0 0 |a Vestník Okresného úradu v Martine 
260 |a Martin  |b Okresný úrad  |c 1992-[1996] 
300 |a 5 zv.  |c 35 cm 
310 |a 1x mesačne 
362 0 |a Roč. I, č. 1 (1992)-[roč. V, č. 3 (1996)] 
650 0 7 |a verejná správa  |2 SNKPH  |9 1538 
651 7 |a Martin (Slovensko : okres)  |2 SNKPHgeo  |9 73088 
655 7 |a vestníky  |2 SNKPH  |9 70701 
655 7 |a regionálne periodiká  |2 SNKPH  |9 131775 
710 2 |a Martin (Slovensko : okres).  |b Okresný úrad  |4 pbl  |9 188204 
785 0 0 |t Okresný vestník  |w vtls008884890 
910 |a snk 
999 |c 7533  |d 9463 
952 |0 0  |1 0  |4 0  |7 0  |8 0  |a SNK  |b SNK  |d 2020-12-09  |i snkČSP 1323/94  |l 0  |o snkČSB 4288/1/1992  |p 17A0928256  |r 2026-02-21 19:24:33  |t č. 1-9  |w 2026-02-21  |y PREZ 
952 |0 0  |1 0  |4 0  |7 0  |8 0  |a SNK  |b SNK  |d 2020-12-09  |i snkČSP 2434/94  |l 0  |o snkČSB 4288/2/1993  |p 17A0928252  |r 2026-02-21 19:24:33  |t č. 1-8  |w 2026-02-21  |y PREZ 
952 |0 0  |1 0  |4 0  |7 0  |8 0  |a SNK  |b SNK  |d 2020-12-09  |i snkČSP 1426/96  |l 0  |o snkČSB 4288/3/1994  |p 17A0928254  |r 2026-02-21 19:24:33  |t č. 1-12  |w 2026-02-21  |y PREZ 
952 |0 0  |1 0  |4 0  |7 0  |8 0  |a SNK  |b SNK  |d 2020-12-09  |i snkČSP 1042/2000  |l 0  |o snkČSB 4288/4/1995  |p 17A0928253  |r 2026-02-21 19:24:33  |t č. 1-12, neúplné  |w 2026-02-21  |y PREZ  |z Chýba č. 12 
952 |0 0  |1 0  |4 0  |7 0  |8 0  |a SNK  |b SNK  |d 2020-12-09  |i snk2020/22238  |l 0  |o snkČSB 4288/5/1996  |p 17A1432985  |r 2026-02-21 19:24:33  |t iba č. 2-3  |w 2026-02-21  |y PREZ 
952 |0 0  |1 0  |4 0  |7 0  |8 0  |a SNK  |b SNK  |d 2020-12-09  |i snk2020/22239  |l 0  |o snkČSB 4288/5/1996 D1  |p 17A1432984  |r 2026-02-21 19:24:33  |t iba č. 2-3  |w 2026-02-21  |y PREZ 
952 |0 0  |1 0  |4 0  |7 0  |a SNK  |b SNK  |d 2023-11-07  |i snkČSP 1043/2000  |l 0  |o snkČSB 4288/4/1995 D1  |p 17A1349082  |r 2026-02-21 19:48:45  |t č. 1-12, neúplné  |w 2026-02-21  |y PREZ  |z Chýba č.: 12